<?xml version="1.0" encoding="UTF-8"?>
<record
    xmlns:xsi="http://www.w3.org/2001/XMLSchema-instance"
    xsi:schemaLocation="http://www.loc.gov/MARC21/slim http://www.loc.gov/standards/marcxml/schema/MARC21slim.xsd"
    xmlns="http://www.loc.gov/MARC21/slim">

  <leader>02067nam a2200289Ia 4500</leader>
  <controlfield tag="001">K0530</controlfield>
  <controlfield tag="003">IT-RoPAU</controlfield>
  <controlfield tag="008">130308s9999    xx            000 0 und d</controlfield>
  <datafield tag="040" ind1=" " ind2=" ">
    <subfield code="a">IT-RoPAU</subfield>
  </datafield>
  <datafield tag="040" ind1=" " ind2=" ">
    <subfield code="c">IT-RoPAU</subfield>
  </datafield>
  <datafield tag="041" ind1=" " ind2=" ">
    <subfield code="a">ITALIANO  </subfield>
  </datafield>
  <datafield tag="100" ind1=" " ind2=" ">
    <subfield code="a">AA.VV.</subfield>
  </datafield>
  <datafield tag="100" ind1=" " ind2=" ">
    <subfield code="g">Codice Aut. SPICS: 12000</subfield>
  </datafield>
  <datafield tag="245" ind1=" " ind2=" ">
    <subfield code="a">Pittori moderni e il loro mondo (I)</subfield>
  </datafield>
  <datafield tag="245" ind1=" " ind2=" ">
    <subfield code="b">Pittori moderni e Il Loro Mondo (I)                                                                                                                       </subfield>
  </datafield>
  <datafield tag="250" ind1=" " ind2=" ">
    <subfield code="a">1a ed.</subfield>
  </datafield>
  <datafield tag="260" ind1=" " ind2=" ">
    <subfield code="a">ROMA</subfield>
  </datafield>
  <datafield tag="260" ind1=" " ind2=" ">
    <subfield code="b">Mediterranee</subfield>
  </datafield>
  <datafield tag="260" ind1=" " ind2=" ">
    <subfield code="c">1962 [1&#xB0; Ed.:1962 - Ed.Ling.Originale:1962]</subfield>
  </datafield>
  <datafield tag="300" ind1=" " ind2=" ">
    <subfield code="a">"128 p. (prefazione: no ; testo: 128 [pagine: 0-0])"</subfield>
  </datafield>
  <datafield tag="500" ind1=" " ind2=" ">
    <subfield code="a">"Introduzione di J. Rothrnstein. Il Libro &#xE8; una Galleria del Mondo dei pittori del Nostro Tempo con brevi Biografie dei pittori e Note delle 96 Illustrazioni Dicui 46 a Colori dei Seguenti Artisti: Bacon Francis; Beckmann Max; Boccioni Umberto; Bonnard Pierre; Braque Georges; Campigli Massimo; Carra Carlo; Cezanne Paul; Chagall Marc; De Chirico Giorgio; Dali' Salvador; Delaunay Robert; Demuth Charles; Denis Maurice; Derain Andre; Dufy Raoul; Ensor James; Ernst Max; Feininger Lyonel; Gauguin Paul; Gilman Harold; Gris Juan; Heckel Erich; Hodler Ferdinand; John August; Jones David; Kandinsky Wassily; Kirchner Ernst Ludwig; Klee Paul; Kokoschka Oskar; Leger Fernand; Lewis Wynsham; Macke August; Marc Franz; Marin John; Marquet Albert; Matisse Henri; Miro Joan; Modersohn Becker Paula; Modigliani Amedeo; Mondrian Piet; Moore Henry; Munch Edvard; Nash Paul; Nicholson Ben; Nolde Emil; Pechstein Max; Picasso Pablo; Rivera Diego; Rouault Georges; Schlemmer Oskar; Schmidt Rottluff Karl; Severini Gino; Smith Matthew; Spencer Stanley; Soutine Chaim; Sutherland Graham; Tanguy Yves; toulous Lautrec Henri; Utrillo Maurice; Van Gogh Vincent; Vladiminck Maurice De; Vuillard Edouard.                    D"</subfield>
  </datafield>
  <datafield tag="650" ind1=" " ind2=" ">
    <subfield code="a">SAGGI DI PITTURA</subfield>
  </datafield>
  <datafield tag="650" ind1=" " ind2=" ">
    <subfield code="e">Codice materia Spics: 5211</subfield>
  </datafield>
  <datafield tag="942" ind1=" " ind2=" ">
    <subfield code="c">BK</subfield>
  </datafield>
  <datafield tag="957" ind1=" " ind2=" ">
    <subfield code="7">1</subfield>
  </datafield>
  <datafield tag="999" ind1=" " ind2=" ">
    <subfield code="c">77335</subfield>
    <subfield code="d">77335</subfield>
  </datafield>
  <datafield tag="999" ind1=" " ind2=" ">
    <subfield code="g">1</subfield>
  </datafield>
  <datafield tag="952" ind1=" " ind2=" ">
    <subfield code="0">0</subfield>
    <subfield code="1">0</subfield>
    <subfield code="4">0</subfield>
    <subfield code="6">K_000000000000000_0530</subfield>
    <subfield code="7">1</subfield>
    <subfield code="a">SPICS</subfield>
    <subfield code="b">SPICS</subfield>
    <subfield code="d">2013-03-08</subfield>
    <subfield code="l">0</subfield>
    <subfield code="o">K0530</subfield>
    <subfield code="r">2013-03-08 00:00:00</subfield>
    <subfield code="w">2013-03-08</subfield>
    <subfield code="y">BK</subfield>
    <subfield code="z">Progressivo inserimento:  24961 /  N. Volumi: 1 Copie: 1  / data import: 1 marzo 2013 - By Epidotti, Trombetti, Vaglietti. </subfield>
  </datafield>
</record>
